000 00428nam a2200145Ia 4500
008 240729s9999 xx 000 0 und d
022 _a2456-7507
245 0 _aPostScriptum: An Interdisciplinary Journal of Literary Studies
260 _aIndia
260 _bSarat Centenary College
650 _aLanguage and Literature
856 _uhttps://doaj.org/toc/220b9bea023348e5b2d1a1c941ed6b3e
942 _2ddc
942 _cDOAJEJ
999 _c70998
_d70998
945 _a1
_bMadushi Gamage
_c1
_dMadushi Gamage